Modelling, simulation and safety analysis of reactive distilation units in chemical industry

Saved in:
Bibliographic Details
Main Author: Švandová, Zuzana
Format: Book
Language:English
Published: Bratislava Fakulta chemickej a potravinárskej technológie STU 2007
Subjects:
Online Access:View in OPAC
Tags: Add Tag
No Tags, Be the first to tag this record!

MARC

LEADER 00000nam a2200000 a 4500
005 20260127133947.0
008 080515 2007 xo 000 0 eng d
035 |a vtls009294348 
039 9 |a 200805200958  |b mschk02  |y 200805150917  |z mschk02 
040 |a STUSCHK1  |b slo  |c STUSCHK1  |e AACR2 
100 1 |a Švandová, Zuzana 
245 1 |a Modelling, simulation and safety analysis of reactive distilation units in chemical industry  |c Zuzana Švandová 
260 |a Bratislava  |b Fakulta chemickej a potravinárskej technológie STU  |c 2007 
300 |a 87 s.  |b obr.,tab.,grafy,lit.,+ príloha  |c 30 cm 
500 |a Ústav chemického a environmentálneho inžinierstva, Odd. chemického a biochemického inžinierstva 
650 0 |a reactive destilation 
910 |a SCHK95 
999 |c 928  |d 928